000 00577nam a2200229Ia 4500
003 OSt
005 20221005125224.0
006 a|||||r|||| 00| 0
007 ta
008 221004b |||||||| |||| 00| 0 eng d
024 _a34230
037 _cTextual
040 _aCRL
_cCRL
_beng
041 _2eng
_aeng
082 _aN553xM77, J8 close section
100 _aDufy Raoul
_9636344
245 0 _aPaintings
260 _c1958
650 _aARTS
942 _hN553xM77, J8 close section
_cTEXL
_2cc
999 _c1053326
_d1053326